000 00342nam a2200145Ia 4500
008 230718s9999 xx 000 0 und d
041 _aEng.
082 _a346.42
_bFRE-T
100 _aFreeman, Michael
245 4 _aThe Family law Act 1996
260 _aPakistan
_bSweet and maxwell
_c1996
300 _a27/
650 _aLaw
999 _c30169
_d30169